[Event "Sochi Doroshkevich Amateur op"]
[Site "Sochi"]
[Date "2017.12.27"]
[Round "8"]
[White "Mustafina, Yuliana"]
[Black "Badalian, Daniel"]
[Result "0-1"]
[WhiteElo "1359"]
[BlackElo "2006"]
[PlyCount "66"]
[EventDate "2017.12.21"]
[EventType "swiss"]
[EventRounds "9"]
[EventCountry "RUS"]
[SourceTitle "CBM 182 Extra"]
[Source "ChessBase"]
[SourceDate "2018.02.23"]
[SourceVersion "1"]
[SourceVersionDate "2018.02.23"]
[SourceQuality "1"]

1. e4 c6 2. d4 d5 3. exd5 cxd5 4. Bd3 Nc6 5. c3 Nf6 6. h3 g6 7. Nf3 Bg7 8. 0-0 0-0 9. Bf4 Re8 10. Nbd2 Nd7 11. Re1 f6 12. Bc2 Nf8 13. Nb3 e5 14. dxe5 fxe5 15. Bg3 e4 16. Nfd4 Qb6 17. f3 Nxd4 18. Nxd4 Qxb2 19. Qd2 e3 20. Qe2 Bd7 21. Bb3 Qxc3 22. Bxd5+ Kh8 23. Nb3 Qb4 24. Rab1 Bb5 25. Qd1 e2 26. Qc1 Rac8 27. a3 Qe7 28. Qf4 Bd3 29. Rbc1 Bf6 30. Bh4 Bxh4 31. Qd4+ Qf6 32. Qxd3 Rxc1 33. Rxc1 e1Q+ 0-1

[Event "Sochi Doroshkevich Amateur op"]
[Site "Sochi"]
[Date "2017.12.21"]
[Round "1"]
[White "Badalian, Daniel"]
[Black "Galakhov, Sergey"]
[Result "1/2-1/2"]
[WhiteElo "2006"]
[BlackElo "2278"]
[PlyCount "108"]
[EventDate "2017.12.21"]
[EventType "swiss"]
[EventRounds "9"]
[EventCountry "RUS"]
[SourceTitle "CBM 182 Extra"]
[Source "ChessBase"]
[SourceDate "2018.02.23"]
[SourceVersion "1"]
[SourceVersionDate "2018.02.23"]
[SourceQuality "1"]

1. d4 e6 2. c4 f5 3. Nc3 Nf6 4. e3 b6 5. Nf3 Bb4 6. Bd2 Bb7 7. Be2 0-0 8. Rc1 Bxc3 9. Bxc3 Ne4 10. 0-0 Rf6 11. d5 Nxc3 12. Rxc3 Na6 13. dxe6 Rxe6 14. Nd4 Rd6 15. Bf3 Bxf3 16. Qxf3 g6 17. Nb5 Rd2 18. Ra3 c6 19. Rxa6 cxb5 20. cxb5 d5 21. Ra3 Qd7 22. Rb3 Rc8 23. Rd1 Rcc2 24. g3 Qe6 25. Rd3 Rxd3 26. Rxd3 Qe4 27. Qxe4 dxe4 28. Rd7 Rxb2 29. a4 Rb4 30. Rxa7 g5 31. Kg2 h5 32. Rd7 Rxa4 33. Rd5 Kg7 34. Rxf5 Kg6 35. Rd5 Ra2 36. Rd6+ Kf5 37. Rxb6 g4 38. Rb8 Rb2 39. b6 Kg6 40. b7 Kg7 41. h3 Kh7 42. hxg4 hxg4 43. Re8 Rxb7 44. Rxe4 Rg7 45. Rf4 Kh6 46. Kf1 Kg5 47. Ke2 Ra7 48. Rd4 Ra2+ 49. Rd2 Ra4 50. Rd5+ Kg6 51. Rd4 Ra2+ 52. Rd2 Ra4 53. f3 gxf3+ 54. Kxf3 Ra1 1/2-1/2

[Event "Sochi City-ch"]
[Site "Sochi"]
[Date "2017.09.07"]
[Round "6"]
[White "Badalian, Daniel"]
[Black "Gorobets, Sergey"]
[Result "1-0"]
[WhiteElo "1931"]
[BlackElo "1937"]
[PlyCount "79"]
[EventDate "2017.09.02"]
[EventType "swiss"]
[EventRounds "9"]
[EventCountry "RUS"]
[SourceTitle "CBM 180 Extra"]
[Source "ChessBase"]
[SourceDate "2017.10.06"]
[SourceVersion "1"]
[SourceVersionDate "2017.10.06"]
[SourceQuality "1"]

1. d4 c5 2. d5 e5 3. c4 d6 4. Nc3 Be7 5. e4 a6 6. Bd3 Bg5 7. Nge2 Nd7 8. 0-0 Bxc1 9. Qxc1 Ngf6 10. Ng3 Nf8 11. Nf5 g6 12. Nh6 Nh5 13. Ne2 g5 14. Ng3 Nf4 15. Qe3 N8g6 16. Ngf5 Nh4 17. g3 Nxf5 18. Nxf5 Bxf5 19. exf5 Nxd3 20. Qxd3 Qf6 21. a3 0-0 22. Rab1 b5 23. g4 bxc4 24. Qxc4 a5 25. b4 axb4 26. axb4 Ra4 27. Qb5 Rfa8 28. Qc6 Kg7 29. h3 cxb4 30. Rxb4 Ra3 31. Kg2 h5 32. Rfb1 R3a6 33. Rb6 Rxb6 34. Rxb6 Rd8 35. Qc7 hxg4 36. hxg4 e4 37. Rb7 Re8 38. Qd7 Kf8 39. Rb6 e3 40. fxe3 1-0

[Event "Kislovodsk Narzan op"]
[Site "Kislovodsk"]
[Date "2015.08.06"]
[Round "5"]
[White "Getman, Dmitriy"]
[Black "Badalian, Daniel"]
[Result "1/2-1/2"]
[WhiteElo "1626"]
[BlackElo "1775"]
[PlyCount "105"]
[EventDate "2015.08.01"]
[EventType "swiss"]
[EventRounds "9"]
[EventCountry "RUS"]
[SourceTitle "EXT 2016"]
[Source "ChessBase"]
[SourceDate "2015.10.08"]
[SourceVersion "1"]
[SourceVersionDate "2015.10.08"]
[SourceQuality "1"]

1. d4 Nf6 2. Nf3 g6 3. c4 Bg7 4. Nc3 d5 5. cxd5 Nxd5 6. e3 c5 7. Bc4 Nb6 8. Bb5+ Bd7 9. dxc5 Bxc3+ 10. bxc3 Bxb5 11. Qxd8+ Kxd8 12. cxb6 axb6 13. Bb2 Bc4 14. Ne5 Be6 15. Rd1+ Kc7 16. a3 Nc6 17. Nxc6 bxc6 18. 0-0 Rhd8 19. Rfe1 Bb3 20. Rb1 Bc2 21. Ra1 Rd2 22. c4 Ra4 23. c5 bxc5 24. Be5+ Kd7 25. Rec1 Rd5 26. Rxc2 Rxe5 27. Rc3 Rd5 28. Kf1 Kc7 29. Ke2 c4 30. Rd1 Kd6 31. Rdc1 Rda5 32. Rxc4 Rxc4 33. Rxc4 Rxa3 34. Rc2 c5 35. Kd2 Kd5 36. Rb2 Kc4 37. Rb8 Ra2+ 38. Ke1 Kc3 39. Rb7 Ra6 40. Rxe7 Rf6 41. Rb7 c4 42. Ke2 Kc2 43. f4 c3 44. g4 Rd6 45. Rxf7 Rd2+ 46. Kf3 Rxh2 47. f5 gxf5 48. gxf5 Kd1 49. f6 c2 50. Rd7+ Ke1 51. Rc7 Rf2+ 52. Kg3 Rxf6 53. Rxc2 1/2-1/2

[Event "Gelendzhik op 11th"]
[Site "Gelendzhik"]
[Date "2015.01.06"]
[Round "3"]
[White "Bedia, Melor"]
[Black "Badalian, Daniel"]
[Result "1-0"]
[WhiteElo "2428"]
[BlackElo "1879"]
[PlyCount "63"]
[EventDate "2015.01.04"]
[EventType "swiss"]
[EventRounds "9"]
[EventCountry "RUS"]
[SourceTitle "EXT 2017"]
[Source "ChessBase"]
[SourceDate "2016.10.25"]
[SourceVersion "1"]
[SourceVersionDate "2016.10.25"]
[SourceQuality "1"]

1. d4 Nf6 2. c4 g6 3. Nc3 d5 4. cxd5 Nxd5 5. e4 Nxc3 6. bxc3 Bg7 7. Nf3 c5 8. Rb1 0-0 9. Be2 cxd4 10. cxd4 Qa5+ 11. Bd2 Qxa2 12. 0-0 b6 13. Qc1 Qe6 14. Ng5 Qc6 15. Bc4 Bb7 16. d5 Qc7 17. d6 Qxd6 18. Bb4 Qf6 19. Rb3 Bh6 20. h4 Bxg5 21. hxg5 Qd4 22. Rf3 Nc6 23. Rd1 Qg7 24. Bc3 e5 25. Rd7 Nd8 26. Qb2 Re8 27. Bxf7+ Nxf7 28. Rxb7 Rf8 29. Bb4 Rfb8 30. Rbxf7 Qxf7 31. Rxf7 Kxf7 32. Qxe5 1-0